Movies Quiz

Random Movies or Director Quiz

Studio Ghibli Films Quiz Stats

 Plays Quiz Updated Sep 26, 2016

Score 0/20 Timer 07:00
4 Plays Today
Year Film % Correct
2001Spirited Away
94.8%
1988My Neighbor Totoro
87.9%
2004Howl's Moving Castle
87.8%
1997Princess Mononoke
83%
2008Ponyo
82.1%
1989Kiki's Delivery Service
76%
1986Laputa: Castle in the Sky
74.4%
1992Porco Rosso
67.1%
1988Grave of the Fireflies
65.4%
2013The Wind Rises
60.8%
Year Film % Correct
2002The Cat Returns
59.7%
1995Whisper of the Heart
50.3%
1994Pom Poko
47.3%
2010The Secret World of Arrietty
46.7%
2014When Marnie Was There
45.3%
2006Tales from Earthsea
44.4%
1999My Neighbors The Yamadas
42.5%
2011From Up on Poppy Hill
41.8%
1991Only Yesterday
39.6%
2013The Tale of the Princess Kaguya
38.4%

You're not logged in!

Compare scores with friends on all Sporcle quizzes.
OR
Log In

Show Comments

Extras

Top Quizzes Today


Score Distribution

Your Account Isn't Verified!

In order to create a playlist on Sporcle, you need to verify the email address you used during registration. Go to your Sporcle Settings to finish the process.

Report this User

Report this user for behavior that violates our Community Guidelines.

Details: